Object Oriented Programming with C++ (Record no. 12)

MARC details
000 -LEADER
Fixed length control field 00495nam a2200181 4500
003 - CONTROL NUMBER IDENTIFIER
Control field SEACOMMC
005 - DATE AND TIME OF LATEST TRANSACTION
Control field 20251017130212.0
008 - FIXED-LENGTH DATA ELEMENTS--GENERAL INFORMATION
Fixed length control field 230930b |||||||| |||| 00| 0 eng d
020 ## - INTERNATIONAL STANDARD BOOK NUMBER / ISBN
Price 195.00
International Standard Book Number 978-8125942641
040 ## - CATALOGING SOURCE
Original cataloging agency SEACOMMC
082 ## - DEWEY DECIMAL CLASSIFICATION NUMBER
Classification number 005.117
Book Number P192
100 ## - MAIN ENTRY--PERSONAL NAME
Personal name Panigrahi, Goutam
245 ## - TITLE STATEMENT
Title Object Oriented Programming with C++
Statement of responsibility Goutam Panigrahi,Anirban Das
260 ## - IMPRINT
Place of publication Kolkata
Name of publisher Vikas
Date of publication 2011
650 ## - SUBJECT ADDED ENTRY--TOPICAL TERM
Topical term Computer Science Engineering
700 ## - ADDED ENTRY--PERSONAL NAME
Personal name Das, Anirban
942 ## - ADDED ENTRY ELEMENTS (KOHA)
Koha item type Gifted/Donated Books
Holdings
Withdrawn status Lost status Source of classification Damaged status Not for loan Home library Current library Date acquired Price Total Checkouts Call number Accession number Date last seen Price effective from Koha item type
    Dewey Decimal Classification     SEACOM MANAGEMENT COLLEGE SEACOM MANAGEMENT COLLEGE 30/09/2023 195.00   005.117 P192 G7 30/09/2023 30/09/2023 Gifted/Donated Books
© Seacom Engineering College, All rights reserved.    Powered by Koha